00592nam a22002177a 4500003000200000005001700002008000200019010001300021020002600034035002300060037001600083040001500099082001800114100003100132245005200163260004100215270005700256300002700313650001200340650002200352020180721122205.00 aB-219652 c495.00a9788174453150 aB-219652, B-219653 bCen Lib/Ret aDPLbENc0 a338.4791bDIX aDixit, Saurabh Kumar Dixit aTourism and economics /cby Saurabh Kumar Dixit aNew Delhi bMohit Publicationsc2005 a4675/21, Ansari Road, Darya GanjbNew Delhi e110002 a246p. :c22cm(Hb)bill aTourism aTourism--Planning